00508 2200193 4500001002100000005001500021035002000036245007700056100002500133300002600158260003900184082000800223084001400231020002100245990001200266990001200278990001200290990001200302INLIS00000000000308620250930095535 a0010-09250004331 aSang Pengawas Pemilu Kabupaten Tegal 2004 - 2019 /cHarpendi Dwi Pratiwi0 aHarpendi Dwi Pratiwi a148 hlm ;c14 x 21 cm aTegal :bBawaslu Kab. Tegal,c2022 a320 a320 HAR s a978-623-920601-7 a0755549 a0755550 a0755551 a0755552